000 00402nam a2200169Ia 4500
008 151213s9999 xx 000 0 und d
020 _a984-643-1392
100 _aBernard Shaw
245 _aMan & Superman
_cBernard Shaw
250 _a2nd
260 _aDhaka
_bFriends Book Corner
_c2008
300 _a8967 p.
650 _aEnglish
650 _aEnglish
700 _aBernard Shaw
999 _c4682
_d4682